| 000 | 01236nam0a22002531 4500 | ||
|---|---|---|---|
| 001 | rc\4829022 | ||
| 005 | 20260407173801.0 | ||
| 021 |
_aRU _bРг3968-67 |
||
| 021 |
_aRU _b67-15648 |
||
| 035 | _a(NLR Aleph) 008804574 | ||
| 090 |
_a8123187 _c8123187 |
||
| 100 | _a20130426d1967 |||y0rusy50 ca | ||
| 101 | 0 | _arus | |
| 102 | _aRU | ||
| 105 | _ay z ||||| | ||
| 200 | 1 |
_aПрограмма и аннотации _fМ-во высш. и сред. спец. образ. РСФСР. Таганрогский радиотехн. ин-т. Тринадцатая науч.-техн. и науч.-метод. конференция профессорско-преподавательского состава... С 30 янв. по 4 февр. 1967 г. |
|
| 210 |
_aТаганрог _cБ. и. _d1967 |
||
| 215 |
_a65 с. _d20 |
||
| 710 | 0 | 2 |
_aТаганрогский радиотехнический институт им. В. Д. Калмыкова _bНаучно-техническая конференция профессорско-преподавательского состава _d13 _f1967 _9721725 _3RU\NLR\AUTH\8810110961 |
| 801 | 0 |
_aRU _bNLR _gpsbo |
|
| 801 | 1 |
_aRU _bELAR _2rusmarc |
|
| 852 |
_aNLR _j67-4/7845 |
||
| 942 | _cBOOK | ||
| 980 | _aNB | ||